01484cam a2200361 a 4500003000500000005001700005008004100022010001000063011001000073020001500083035001000098040000900108082001700117111015200134245012700286260009100413300002300504590004100527590004100568590004100609590004200650650003800692650003600730700002700766700003500793700003200828901000700860905002400867942001000891949006700901999001700968952013700985CHAP20220329142112.0990625d1997 ii r 00110 eng d a78471 a79443 a9290663804 a89671 cCHAP04a631.521bI5900aInternational Conference on Options for Strengthening National and Regional Seed Systems in Africa and West Asiad(1997 :cHarare, Zimbabwe)95962310aAlternative strategies for smallholder seed supply :bproceedingnsc/ed. by D. D. Rohrbach, Z. Bishaw and J. G. van Gastel aPatancheru ;bInternational Crops Research Institute for the Semi-Arid Tropics,c1997. a281 p. :bgráfs. aBATCH-UPDb10c20130110lUCH01h0540 aBATCH-UPDb10c20130410lUCH01h0221 aBATCH-UPDb10c20130914lUCH01h1533 aCONVERSIONb10c20130109lUCH01h134314aSemillasxPreservación.910392614aSemillasxProducción.91039270 aBishaw, Z.eed.9129320 aGastel, A.J.G. vaneed.9472420 aRohrbach, D. D.eed.999091 aBK aMayto Villalobos S. cLIBRO a631.521 I59bBCcLIBROd33724000735445eLIBROh95684i89671sb c78471d78471 00102ddc4052708GRALaBCbBCcPP_GRALd2019-12-31fLIBROl0o631.521 I59p33724000735445r2019-12-31 00:00:00w2019-12-31yLIBRO